000 00641nam a2200277Ia 4500
008 210210b2008 xxu||||| |||| 00| 0 eng d
020 _a9788124801727
041 _aeng
082 _aH891.7 JAVJ
100 _aJAVLI (Je Pi Es)
245 _aJavli ankal hanso hansavo: tahakon se barpur dirghayu ki sanjivani
260 _aNayi Dilli
_b-
_c2008
300 _aix,164
650 _atahakon
650 _ase
650 _asanjivani
650 _aki
650 _aJavli
650 _ahanso
650 _ahansavo:
650 _adirghayu
650 _abarpur
650 _aankal
690 _aHindi Humour
906 _a065162
999 _c142448
_d142448